| 000 | 00000nas 2200000za 4500 |
| 001 | 9.841991 |
| 003 | CaOODSP |
| 005 | 20230131161138 |
| 007 | cr ||||||||||| |
| 008 | 170818d19361960onc x m o f000#a0eng|d |
| 040 | |aCaOODSP|beng |
| 043 | |an-cn--- |
| 086 | 1 |aM183-3E-PDF |
| 130 | 0 |aWater supply paper (Geological Survey of Canada) |
| 245 | 10|aWater supply paper |h[electronic resource]. |
| 260 | |aOttawa : |bGeological Survey Canada, |c1936-1960. |
| 310 | |aIrregular |
| 362 | 0 |aNo. 1 (1936)-no. 329 (1960). |
| 515 | |aNos. 226, 275-283 not published. |
| 692 | 07|2gccst|aWater supply |
| 692 | 07|2gccst|aGroundwater |
| 692 | 07|2gccst|aMaps |
| 710 | 1 |aCanada. |bDepartment of Mines and Technical Surveys. |
| 710 | 2 |aGeological Survey of Canada. |